Große Länder, die an kleine grenzen - Statistiken

Allgemein
  • Dieses Quiz wurde 334 mal gespielt
  • Das Durchschnittsergebnis liegt bei 23 aus 28
Antwortstatistiken
Land % Korrekt
Frankreich
97%
Spanien
96%
Andorra
95%
Deutschland
95%
Italien
95%
Russland
93%
Vatikanstadt
93%
China
92%
Luxemburg
92%
Monaco
92%
San Marino
92%
Estland
86%
Lettland
86%
Litauen
85%
Bhutan
78%
Georgien
78%
Liechtenstein
78%
Nordkorea
78%
Österreich
78%
Schweiz
78%
Aserbaidschan
76%
Saudi-Arabien
74%
Katar
68%
Indonesien
67%
Kuwait
66%
D.R. Kongo
64%
Osttimor
63%
Ruanda
55%
Keine übereinstimmenden Quizze gefunden
Verteilung der Resultate
Anzahl Personen mit jedem Resultat
Perzentil nach korrekt beantworteten Fragen
Ihre Resultats-Entwicklung
Sie haben dieses Quiz noch nicht gespielt